| 000 | 00675nam a2200217 a 4500 | ||
|---|---|---|---|
| 005 | 20210219152821.0 | ||
| 008 | 991125n 000 0 eng u | ||
| 035 | _aUPN01000062303 | ||
| 100 | _aMcArthur, Benjamin | ||
| 222 | _aHISTORY OF EDUCATION QUARTERLY | ||
| 245 | _aA gamble on youth : Robert M. Hutchins, the University of Chicago and the politics of presidential selection | ||
| 300 | _a161-186 | ||
| 362 | _a1990 30, no. 2 | ||
| 653 | 0 | _aCUALIDADES DEL ADMINISTRADOR | |
| 653 | 0 | _aHISTORIA EDUCATIVA | |
| 653 | 0 | _aPOLITICAS DE EDUCACION | |
| 653 | 0 | _aPRESIDENTE ESCOLAR | |
| 653 | 0 | _aPROGRESO INSTITUCIONAL | |
| 904 |
_aAC _b000114 |
||
| 905 | _aArticulo | ||
| 999 |
_c61640 _d61640 |
||